01229nam a22001577a 4500999001900000008004100019100002800060245003900088260001200127300003000139520076200169773001200931906001600943942000700959952010500966 c520144d520144220704b ||||| |||| 00| 0 eng d aSaxena, Jagdeep 931829 aModern and profitable agriculture  aYojana  a66(3), Mar, 2022: p.51-54 aIn India, agriculture is the foremost sector that remained positive and robust amid an unprecedented crisis of the pandemic . it maintained a seamless supply chain of essential food items across the country and also successfully met the increased global food demands. Backed by good monsoon and timely interventions by the government the agriculture sector registered a growth of 3.6 per cent in 2020.21, which improved to 3.9 per cent in 2021-22. As the largest employer of workforce, the sector contributed a sizeable 18.85 per cent in (2021-22 in grass value added (GVA) of the country. Simultaneous buoyant growth in allied sector, namely animal husbandry, dairying, and fisheries also helped the agriculture sector perform well. – Reproduced  aYojana  aAGRICULTURE cAR 00102ddc40709394214aIIPAbIIPAd2022-07-04h66(3), Mar, 2022: p.51-54pAR126808r2022-07-04yAR